International Politicians by Image Quiz Stats

Quiz not verified by Sporcle

Challenge
Share
Tweet
Score 0/20 Timer 05:00
0 Plays Today
% Correct
Vladimir Putin, President of the Russian Federation
99.3%
Barack Obama, President of the United States of America
94.3%
Angela Merkel, Federal Chancellor of the Federal Republic of Germany
91.4%
David Cameron, Prime Minister of the United Kingdom
87.1%
Hillary Clinton, Former United States Secretary of State
82.1%
Benjamin Netanyahu, Prime Minister of the State of Israel
75%
Joe Biden, Vice President of the United States
70.7%
François Hollande, President of the Republic of France
68.6%
Bashar al-Assad, President of the Syrian Arab Republic
67.1%
Jacob Zuma, President of the Republic of South Africa
52.1%
% Correct
Dilma Rousseff, President of the Federative Republic of Brazil
50.7%
Xi Jinping, General Secretary of the Central Committee of the Communist Party of China
47.9%
Recep Tayyip Erdoğan, President of the Republic of Turkey
43.6%
Ban Ki-moon, Secretary-General of the United Nations
40.7%
Nick Clegg, Deputy Prime Minister of the United Kingdom
35.7%
Park Geun-hye, President of the Republic of Korea
27.9%
Sonia Gandhi, President of the Indian National Congress Party
23.6%
Goodluck Jonathan, Former President of the Federal Republic of Nigeria
17.9%
Matteo Renzi, President of the Council of Ministers of the Italian Republic
17.1%
Donald Tusk, President of the European Council
16.4%

You're not logged in!

Compare scores with friends on all Sporcle quizzes.
Join for Free
OR
Log In

You Might Also Like...

Show Comments

Extras

Top Quizzes Today


Score Distribution

Your Account Isn't Verified!

In order to create a playlist on Sporcle, you need to verify the email address you used during registration. Go to your Sporcle Settings to finish the process.

Report this User

Report this user for behavior that violates our Community Guidelines.

Details: